01830cam a22003494i 4500003000900000005001700009008004100026035001800067040003300085082002200118100004500140245013000185264006700315300007400382336002100456337002500477338002300502505057300525505024701098526001001345526001001355526001001365526001001375526000801385526000801393526000801401526000801409526000801417526000801425526000801433650003901441PE-LiUPU20250731173445.0150616s1966 r 000 0 eng d a(Sirsi) a5879 aPE-LiUPUbspacPE-LiUPUerda04a236.23bF936c2231 aFroom, Le Roy Edwin,d1890-1974,eautor.14aThe conditionalist faith of our fathers :bThe conflict of the ages over the nature and destiny of man /cLe Roy Edwin Froom. 1aWashington :bReview and Herald Publishing association,c1966. a2 volúmenes :bIlustraciones, láminas, fotos ;c23 centímetros. atext2rdacontent aunmediated2rdamedia avolume2rdacarrier0 aVolumen 1: Biblical norm set forth in old testament. Earliest comprenhensive evidence on life, death, and destiny -- Comprehensive witness of the new testament. Consummating testimony of Christ and teh apostles on the origin, nature, and destiny of man -- Historical development of innate-inmortality concept (900 B.C. to the time of Christ)- Rise of platonic postulate and penetration into jewry.- Historical conflicts compass the early centuries (A.D. 150 to A.D. 500)- Positions of sub-apostolic and ante-nicene developments eventutate in a theological trilemma. 0 aVolumen 2: From represssion and obscurity to restoration (600 a 1800) -- Gathering momentum and status (1800 a 1900) -- Accelerated acceptance and expansión (twentieth century) -- Spiritualism climaxes the conflict (a determining factor). aSEG42 aSEG41 aSEG40 aSEG39 aP94 aP87 aP86 aP85 aP77 aP76 aP3514aInmortalidad condicionalxHistoria